Mythology : a visual encyclopedia. (Record no. 32834)

MARC details
000 -LEADER
fixed length control field 00506nam a2200181Ia 4500
020 ## - INTERNATIONAL STANDARD BOOK NUMBER
ISBN 1856485862
050 ## - CALL MARK
Classification number BL 311 .F67/
100 ## - STATEMENT OF RESPONSIBILITY--MAIN AUTHOR NAME
Personal name Forty, Jo.
245 #0 - TITLE STATEMENT
Title Mythology : a visual encyclopedia.
260 ## - PUBLICATION, DISTRIBUTION, ETC. (IMPRINT)
Place of publication London
260 ## - PUBLICATION, DISTRIBUTION, ETC. (IMPRINT)
Name of publisher PRC Publishing Ltd.
260 ## - PUBLICATION, DISTRIBUTION, ETC. (IMPRINT)
Year of publication c1999
300 ## - PHYSICAL DESCRIPTION
Number of Pages 512 p
650 ## - SUBJECT ADDED ENTRY--TOPICAL TERM
Topical Term Mythology_Pictorial works. Myths_Pictorial works. Gods_Pictorial works. Heroes_Pictorial works.
942 ## - ADDED ENTRY ELEMENTS (KOHA)
Koha item type Books
Holdings
Withdrawn status Lost status Source of classification or shelving scheme Damaged status Not for loan Permanent Location Current Location Date acquired Accession Number Price effective from Koha item type
    Library of Congress Classification     NILE UNIVERSITY OF NIGERIA - MAIN LIBRARY NILE UNIVERSITY OF NIGERIA - MAIN LIBRARY 04/23/2025 0005140 04/23/2025 Books